00186nam a22000977a 4500040000700000082000800007100001200015245003100027260002000058300001000078 cSK a574 aDAVID L aPrinciples of biochemistry aDAMAGEbDAVcNA a482p.